000 00303nam a2200121Ia 4500
008 240731s9999 xx 000 0 und d
022 _a1464-5033
245 0 _aAnnals of Human Biology
260 _bTaylor & Francis
856 _uhttps://www.tandfonline.com/loi/iahb20
942 _2ddc
942 _cTFEJ
999 _c75323
_d75323
945 _a1
_bMadushi Gamage
_c1
_dMadushi Gamage